| LEADER | 00984nam a2200205 4500 | ||
|---|---|---|---|
| 999 | |c 15215 |d 15215 | ||
| 022 | |a 1859-2562 | ||
| 082 | |a 368 |b B 108 h | ||
| 100 | |a Bảo hiểm xã hội Việt Nam | ||
| 245 | |a Bảo hiểm xã hội |c Bảo hiểm xã hội Việt Nam | ||
| 260 | |a H | ||
| 520 | |a | ||
| 653 | |a Tạp chí | ||
| 653 | |a Bảo hiểm | ||
| 653 | |a Xã hội | ||
| 942 | |2 ddc |c BTC |s 1 | ||
| 952 | |0 0 |1 0 |2 ddc |4 0 |6 368_000000000000000_B_108_H |7 0 |8 300 |9 114812 |a qbu |b qbu |c D1 |d 2018-07-25 |o 368 B 108 h |p TC51.C1 |r 2018-07-25 |w 2018-07-25 |y BTC | ||
| 952 | |0 0 |1 0 |2 ddc |4 0 |6 368_000000000000000_B_108_H |7 0 |8 300 |9 114813 |a qbu |b qbu |c D1 |d 2018-07-25 |o 368 B 108 h |p TC51.C2 |r 2018-07-25 |w 2018-07-25 |y BTC | ||
| 952 | |0 0 |1 0 |2 ddc |4 0 |6 368_000000000000000_B_108_H |7 0 |8 300 |9 114814 |a qbu |b qbu |c D1 |d 2018-07-25 |o 368 B 108 h |p TC51.C3 |r 2018-07-25 |w 2018-07-25 |y BTC | ||
| 952 | |0 0 |1 0 |2 ddc |4 0 |6 368_000000000000000_B_108_H |7 0 |8 300 |9 116740 |a qbu |b qbu |c D1 |d 2019-01-16 |o 368 B 108 h |p TC51.C4 |r 2019-01-16 |w 2019-01-16 |y BTC | ||